=LDR 00000nam 2200000 4500 =001 000345 =005 20250710024320 =035 ##$$a 0010-0725000201 =007 ta =008 250710################a##########0#ind## =020 ##$$a 978-602-1101-53-1 =082 ##$$a 398.209 599 =084 ##$$a 398.209 599 NOR b =100 #$$a Nora Irani =245 1#$$a Buah Misterius /$c Nora Irani =260 ##$$a Tanimulya :$b Yayasan Litara,$c 2021 =300 ##$$a 16 hlm. : $b Ilus. ; $c 21x29,7 cm. =856 ##$$a TBM AS SUHADA =990 ##$$a TBM00580058